| 000 | 01297nam0a22003371 4500 | ||
|---|---|---|---|
| 001 | rc\3312929 | ||
| 005 | 20250609211136.0 | ||
| 021 |
_aRU _b[75-13896] |
||
| 035 | _a(NLR Aleph) 007505370 | ||
| 090 |
_a7678795 _c7678795 |
||
| 100 | _a20130115d1974 |||y0rusy50 ca | ||
| 101 | 1 |
_arus _ceng |
|
| 102 | _aRU | ||
| 105 | _ay z ||||| | ||
| 200 | 1 |
_aТермодинамика простых сред с памятью _fПеревод с англ. М.В. Сергеева _gПод ред. проф. Д.Н. Зубарева |
|
| 210 |
_aМосква _cМир _d1974 |
||
| 215 |
_a190 с. _cграф. _d20 |
||
| 225 | 1 |
_aНовости фундаментальной физики _vВып. 4 |
|
| 300 | _aДоп. тит. л.: William Alan Day. The thermodynamics of simple materials with fading memory | ||
| 320 | _aСписки лит.: с. 163-166 (84 назв.) и с. 186 (18 назв.) | ||
| 320 | _aПредм. указ.: с. 187-188 | ||
| 513 | 0 | _aThe thermodynamics of simple materials with fading memory | |
| 606 |
_aТермодинамика _2psbo |
||
| 700 | 1 |
_aДэй _bУ.А. |
|
| 702 | 1 |
_aСергеев _bМ.В. _4730 |
|
| 702 | 1 |
_aЗубарев _bД.Н. _4340 |
|
| 801 | 0 |
_aRU _bNLR _gpsbo |
|
| 801 | 1 |
_aRU _bELAR _2rusmarc |
|
| 852 |
_aNLR _j75-3/153 |
||
| 942 | _cBOOK | ||
| 980 | _aNB | ||